| 000 | 00362cam a22001457a 4500 | ||
|---|---|---|---|
| 008 | 180718b1958 xxu||||| |||| 00| 0 eng d | ||
| 082 | _aL242x42 G82 | ||
| 100 | _aGreen, G.M. | ||
| 245 |
_aGreen's death duties _cby G.M. Green |
||
| 250 | _a4th ed. | ||
| 260 |
_aLondon _bButterworth _c1958 |
||
| 300 | _av.p. | ||
| 500 | _aRs.76.00 | ||
| 650 | _aEstate, Tax - UK | ||
| 999 |
_c366806 _d366806 |
||